000 00892nam a2200253 a 4500
999 _c9577
_d9577
001 9577
003 BD-JhCC
005 20180319191138.0
008 180319s2007 bg a|||| ||a| 001 0 be d
020 _a984300000966
035 _a(BD-JhCC)9577
040 _aBD-JhCC
_dBD-JhCC
041 _aben
082 _a954.92
_bLOK 2007
245 _aলোকসঙ্গীত /
_cসম্পাদক মুহম্মদ নূরুল হুদা
260 _aঢাকা:
_bবাংলাদেশ এশিয়াটিক সোসাইটি ;
_c2007.
300 _a440 p. :
_c24 cm.
_bill;
490 _aবাংলাদেশ সাংস্কৃতিক সমীক্ষামালা - ১০
504 _aIncludes index.
650 _aFolk Song
_zBangladesh
700 _aহুদা, মুহম্মদ নূরুল
942 _2ddc
_cBK